An introduction to the literature on philatelic forgeries (Record no. 1762)
[ view plain ]
| 000 -LEADER | |
|---|---|
| fixed length control field | 00316nam a22000977a 4500 |
| 008 - FIXED-LENGTH DATA ELEMENTS--GENERAL INFORMATION | |
| fixed length control field | 160213b xxu||||| |||| 00| 0 eng d |
| 100 ## - MAIN ENTRY--AUTHOR'S NAME | |
| Author's Name | Ragatz, Lowell |
| 245 ## - TITLE STATEMENT | |
| Title | An introduction to the literature on philatelic forgeries |
| 260 ## - PUBLICATION, DISTRIBUTION, ETC. (IMPRINT) | |
| Place of publication, distribution, etc. | Washington, D.C. |
| Name of publisher, distributor, etc. | Educational Research Bureau |
| 650 ## - TOPICAL TERM (Tag) | |
| Topical term or geographic name | Forgeries and Counterfeits |
| Withdrawn status | Lost status | Source of classification or shelving scheme | Damaged status | Koha normalized classification for sorting | Not for loan | Permanent Location | Current Location | Shelving location | Date acquired | Full call number | Barcode | Date last seen | Price effective from | Koha item type |
|---|---|---|---|---|---|---|---|---|---|---|---|---|---|---|
| V3201 F721 R141 | Northern Philatelic Library | Northern Philatelic Library | Vertical File | 02/13/2016 | V3201 F721 R141 | 1002028 | 02/13/2016 | 02/13/2016 | Reference |